Post-harvest technology of oilseeds : បច្ចេកវិជ្ជាក្រោយការប្រមូលផលគ្រាប់ធញ្ញជាតិផ្តល់ប្រេង (Record no. 10124)

000 -LEADER
fixed length control field 00458nam a22001217a 4500
040 ## - CATALOGING SOURCE
Transcribing agency HS
082 ## - DEWEY DECIMAL CLASSIFICATION NUMBER
Classification number 298
100 ## - MAIN ENTRY--AUTHOR NAME
Personal name ជ្រុន រិទ្ធី
245 ## - TITLE STATEMENT
Title Post-harvest technology of oilseeds : បច្ចេកវិជ្ជាក្រោយការប្រមូលផលគ្រាប់ធញ្ញជាតិផ្តល់ប្រេង
260 ## - PUBLICATION, DISTRIBUTION, ETC. (IMPRINT)
Place of publication RUA
Name of publisher ជ្រុន រិទ្ធី
Year of publication 2008
300 ## - PHYSICAL DESCRIPTION
Number of Pages 37p;
942 ## - ADDED ENTRY ELEMENTS (KOHA)
Koha item type សៀវភៅភាសាខ្មែរ
952 ## - LOCATION AND ITEM INFORMATION (KOHA)
Withdrawn status [LOCAL, KOHA] 0
952 ## - LOCATION AND ITEM INFORMATION (KOHA)
Withdrawn status [LOCAL, KOHA] 0
Holdings
Permanent Location Date acquired Koha item type Lost status Shelving location Barcode Current Location Full call number
Library Block C2016-09-20សៀវភៅភាសាខ្មែរ C017RUA055627Library Block C298 ជ្រុន 2008 C017 Or.
Library Block C2016-09-20សៀវភៅភាសាខ្មែរ C017A02700Library Block C298 ជ្រុន 2008 C017 Or.
មជ្ឈមណ្ឌលឯការនៃសាកលវិទ្យាល័យភូមិន្ទកសិកម្មចំការដូង

Powered by Koha